| 000 | 01387cam a22003611i 4500 | ||
|---|---|---|---|
| 001 | 21729746 | ||
| 005 | 20260606150711.0 | ||
| 008 | 200915s2020 ii a b 001 0 eng d | ||
| 010 | _a 2020946913 | ||
| 020 | _a9353885027 | ||
| 020 | _a9789353885021 | ||
| 020 |
_z9789353885038 _q(ePub ebook) |
||
| 040 |
_aItFiC _beng _erda _cItFiC |
||
| 043 | _aa-ii--- | ||
| 050 | 0 | 0 |
_aLA1153 _b.J35 2021 |
| 082 | _a378.54 | ||
| 100 | 1 |
_aJalote, Pankaj, _eauthor. _0http://id.loc.gov/authorities/names/n84161650 |
|
| 245 | 1 | 0 |
_aBuilding research universities in India / _cPankaj Jalote. |
| 264 | 1 |
_aNew Delhi : _bSAGE Publications, _c2021. |
|
| 300 |
_axxiii, 415 pages : _billustrations ; _c22 cm. |
||
| 336 |
_atext _btxt _2rdacontent |
||
| 337 |
_aunmediated _bn _2rdamedia |
||
| 338 |
_avolume _bnc _2rdacarrier |
||
| 490 | 0 | _aSAGE studies in higher education | |
| 504 | _aIncludes bibliographical references and index. | ||
| 650 | 0 |
_aUniversities and colleges _zIndia _xAdministration. |
|
| 650 | 0 |
_aUniversities and colleges _xResearch _zIndia. |
|
| 650 | 0 |
_aEducation, Higher _xAims and objectives _zIndia. |
|
| 856 |
_uhttps://sk.sagepub.com/books/building-research-universities-in-india _yRead SAGE E-Book |
||
| 906 |
_a7 _bcbc _corigres _d4 _encip _f20 _gy-gencatlg |
||
| 942 |
_2ddc _cEBOOK |
||
| 999 |
_c44756 _d44756 |
||